Welcome to WEB OPAC of MRSPTU Central Library

Industrial engineering and production management (Record no. 4521)

MARC details
000 -LEADER
fixed length control field 00406nam a2200157Ia 4500
008 - FIXED-LENGTH DATA ELEMENTS--GENERAL INFORMATION
fixed length control field 230711s9999||||xx |||||||||||||| ||und||
041 ## - LANGUAGE CODE
Language code of text/sound track or separate title ENG
082 ## - DEWEY DECIMAL CLASSIFICATION NUMBER
Classification number 658
Item number MA-I
100 ## - MAIN ENTRY--PERSONAL NAME
Personal name Mahajan,M
245 #0 - TITLE STATEMENT
Title Industrial engineering and production management
250 ## - EDITION STATEMENT
Edition statement 3rd Ed.
260 ## - PUBLICATION, DISTRIBUTION, ETC.
Date of publication, distribution, etc. 2007
Place of publication, distribution, etc. New Delhi
Name of publisher, distributor, etc. Dhanpat Rai & Co.(Pvt.)Ltd.
300 ## - PHYSICAL DESCRIPTION
Extent 910
650 ## - SUBJECT ADDED ENTRY--TOPICAL TERM
Topical term or geographic name entry element Mechanical Engineering
942 ## - ADDED ENTRY ELEMENTS (KOHA)
Koha item type Book
Holdings
Withdrawn status Lost status Damaged status Not for loan Collection Home library Current library Date acquired Total checkouts Full call number Barcode Date last seen Price effective from Koha item type Date last checked out
          MRSPTU Central Library MRSPTU Central Library     658 MA-I 15473 08/17/2023 08/17/2023 Book  
          MRSPTU Central Library MRSPTU Central Library   1 658 MA-I 15474 09/06/2023 08/17/2023 Book 08/30/2023
          MRSPTU Central Library MRSPTU Central Library     658 MA-I 15475 08/17/2023 08/17/2023 Book  
          MRSPTU Central Library MRSPTU Central Library     658 MA-I 15476 08/17/2023 08/17/2023 Book  
          MRSPTU Central Library MRSPTU Central Library     658 MA-I 15477 08/17/2023 08/17/2023 Book  

Website Designed and Developed by MRSPTU Central Library Team

E-mail Id: librarian@mrsptu.ac.in